02217nam a2200301 a 450000100100000000500170001000800410002702000250006802000250009302000250011802000250014304000250016810000440019324501710023726000640040830000390047250000160051150000640052750000530059150502460064450502450089050501960113550503730133170000410170470000480174595201050179399900170189800004504720201002045830.0150130s2013 dr acd 000 0 spa d a9789945120677 (v. 1) a9789945120684 (v. 2) a9789945120691 (v. 3) a9789945120707 (v. 4) aDO-SdBNPbspacBNPHU1 aSimón Consuegra, José Miguel95148710aCívica :bformación en valores y civismo /cJosé Miguel Simón Consuegra, Margarita Hernández Tejada; ilustraciones y fotografías Julio César Martínez. aSanto Domingo :bMinisterio de EducaciónbSusaeta,c2013. av. :bil., retrs., mapas ;c29 cm. aNivel medio aProhibida su venta. Propiedad del Ministerio de Educación aEdición especial del Ministerio de Educación0 av. 1:g1er. grado, primer ciclo--gunidad 1--tSociedad y educación Cívica--gunidad 2--tDesarrollo individual, personal y social--gunidad 3--tLa familia--gunidad 4--tDerechos y deberes--gunidad 5--tLas relaciones de convivencia--0 av. 2:g2do. grado, primer ciclo--gunidad 1--tLos derechos humanos--gunidad 2--tLos derechos de la mujer--gunidad 3--tLos valores de nuestra constitución--gunidad 4--tLas relaciones humanas--gunidad 5--tSalvemos nuestro planeta--0 av. 3:g1er. grado, segundo ciclo--gunidad 1--tLa constitución Dominicana--gunidad 2--tEl Estado Dominicano--gunidad 3--tRelación de la convivencia en la comunidad y sus instancias--0 av. 4:g2do. grado, segundo ciclo--gunidad 1--tDescentralización del poder--gunidad 2--tLa participación ciudadana como mecanismo para fortalecer la cultura democrática--gunidad 3--tFundamentación ética en la vida democrática y las funciones públicas--gunidad 4--tRelación de convivencia del centro escolar, la comunidad local y sus instancias--1 aHernández Tejada, Margarita9500271 aMartínez, Julio Césarefot. y il.91263 0010718PDaPDbPDcHDd2015-01-30iLF1l0o p45047-10r2020-06-25w2020-06-25yLFPDZNo se presta c44536d44536